00504nam a2200169Ia 450000500170000000800410001702000150005808200130007310000200008624500310010626000380013730000130017550000260018894200060021495200990022099900150031920250316151812.0240331s9999 xx 000 0 und d a9559429744 bKAIa894 aKailasapathy, K 0aNavalar patti kailasapathy aChennaibKumaran Book Housec2005 a115 p ., aA book about Navalar cL 001040708LaWERCLbWERCLcSSCd2024-03-31l0o 894.811 KAIp5490r2024-03-31w2024-03-31yL c4033d4033